00518nam a2200181Ii 45000010005000000030009000050080041000140400033000550410008000880820015000961000024001112450034001352640074001693000012002433360026002553370028002813380027003096897CO-ViMGA241108s9999||||xx |||||||||||||| ||und|| aCO-ViMGAbspaerdacCO-ViMGA0 aunk04aC868-B177p1 aJaime Barrera Parra10aProsas de Jaime Barrera Parra 1a[Lugar de publicación no identificado] : Ediciones Continente, 1969 avolumen atextbtxt2rdacontent aunmediatedbn2rdamedia avolumebnc2rdacarrier